Countries Britain has Invaded on a Map - Statistics

General Stats
  • This quiz has been taken 17 times
  • The average score is 66 of 120
Answers on the Map
Answers color-coded by a green-red scale on the quiz's map according to % correct below.
 
Answer Stats
Answer % Correct
Afghanistan
75%
Argentina
75%
Australia
75%
Austria
75%
Azerbaijan
75%
United Kingdom
75%
Bahamas
67%
Bangladesh
67%
Belgium
67%
Bhutan
67%
Bosnia and Herzegovina
67%
Bulgaria
67%
Canada
67%
China
67%
Croatia
67%
Cyprus
67%
Denmark
67%
Egypt
67%
Estonia
67%
Finland
67%
France
67%
Ghana
67%
Greece
67%
Iceland
67%
Iran
67%
Iraq
67%
Ireland
67%
Italy
67%
Japan
67%
Jordan
67%
Kuwait
67%
Latvia
67%
Lebanon
67%
Malaysia
67%
Montenegro
67%
Nepal
67%
Netherlands
67%
Norway
67%
Pakistan
67%
Papua New Guinea
67%
Russia
67%
Serbia
67%
Spain
67%
Syria
67%
Thailand
67%
Turkey
67%
Turkmenistan
67%
Ukraine
67%
Uruguay
67%
Vietnam
67%
Belize
58%
Botswana
58%
Cameroon
58%
Eritrea
58%
Fiji
58%
Georgia
58%
Germany
58%
Haiti
58%
India
58%
Indonesia
58%
Libya
58%
Madagascar
58%
Malawi
58%
Myanmar
58%
New Zealand
58%
Nicaragua
58%
Nigeria
58%
Oman
58%
Panama
58%
Peru
58%
Philippines
58%
Sierra Leone
58%
Somalia
58%
South Africa
58%
Sri Lanka
58%
Sudan
58%
United Arab Emirates
58%
Venezuela
58%
Yemen
58%
Zambia
58%
Brunei
50%
Colombia
50%
Comoros
50%
Cuba
50%
Dominican Republic
50%
Ethiopia
50%
Guinea
50%
Honduras
50%
Israel
50%
Kenya
50%
Mexico
50%
Palestine
50%
Qatar
50%
Senegal
50%
Solomon Islands
50%
South Sudan
50%
Suriname
50%
Tanzania
50%
Togo
50%
Uganda
50%
United States
50%
Vanuatu
50%
Djibouti
42%
Guyana
42%
Jamaica
42%
Namibia
42%
Zimbabwe
42%
Kiribati
25%
Bahrain
17%
Gambia
17%
Singapore
17%
Tuvalu
17%
Barbados
8%
Dominica
8%
Trinidad and Tobago
8%
Antigua and Barbuda
0%
Grenada
0%
Saint Kitts and Nevis
0%
Saint Lucia
0%
Saint Vincent and the Grenadines
0%
No matching quizzes found
Score Distribution
Percent of People with Each Score
Percentile by Number Answered
Your Score History
You have not taken this quiz